00658nam a2200217 a 450000100080000000500110000800800410001910000210006024501120008126000990019330000120029250000140030465000130031865000160033165300110034765300220035870000170038070000090039770000170040670000170042313044032026-03-25 2008 bl uuuu u00u1 u #d1 aMATTOS, P. P. de aWoodland invasion of open habitats due to a sequence of drier years in the Pantanal.h[electronic resource] aIn: INTERNATIONAL WETLANDS CONFERENCE, 8., 2008, Cuiabá. Abstracts. [S.l.: s.n., 2008].c2008 ap. 121. aINTERCOL. aPantanal aVegetação aBrasil aEspécie arbórea1 aISHII, I. H.1 aUFSM1 aSALIS, S. M.1 aTOMAS, W. M.